00322nam a2200121Ia 4500008004100000020002100041041000800062082002700070100002300097245004300120260002800163300000900191230411s9999 xx 000 0 und d a978-9386006-46-2 aeng aCH/610.7343/CHA/B09630 aChanagiri Aurasang aTextbook of Community Health Nursing I bEMMESSaBangalorec2019 a412p